000 00789nam a2200241 i 4500
001 178463
003 ES-MaACL
005 20230906220534.0
008 110602s1944 it a |||| | ita d
080 _a75.035(450)
100 1 _aSomaré, Enrico.
_9146840
245 1 3 _aLa pittura italiana dell'Ottocento /
_cEnrico Somarè.
260 _aNovara :
_bIstituto geografico De Agostini,
_c[1944]
300 _aXLIV, 136 p. de lám. ;
_c25 cm.
490 1 _aStoria della pittura italiana ;
_v9
500 _aÍndices.
546 _aTexto en italiano.
650 0 4 _aPintura italiana-
_yS.XIX.
_916061
710 2 _aIstituto geografico De Agostini.
_9173295
830 0 _aStoria della pittura italiana ;
_v9
_9190974
852 _aES-MaACL
_jE-15212
_xOlim P-940
999 _c178463
_d178463